La peinture espagnole (Record no. 135744)

MARC details
000 -LEADER
campo de control de longitud fija 00466nam a2200157 4500
001 - NÚMERO DE CONTROL
campo de control 135744
003 - IDENTIFICADOR DE NÚMERO DE CONTROL
campo de control ES-MaACL
005 - FECHA Y HORA DE LA ÚLTIMA TRANSACCIÓN
campo de control 20230906194938.0
007 - CAMPO FIJO DE DESCRIPCIÓN FÍSICA--INFORMACIÓN GENERAL
campo de control de longitud fija t|
008 - DATOS DE LONGITUD FIJA--INFORMACIÓN GENERAL
campo de control de longitud fija 070214q1928 fr r ||||1| fre d
100 1# - ENTRADA PRINCIPAL--NOMBRE DE PERSONA
Nombre de persona Rouchés, Gabriel.
9 (RLIN) 100004
245 13 - MENCIÓN DEL TÍTULO
Título La peinture espagnole
Resto del título : le moyen age /
Mención de responsabilidad, etc. Gabriel Rouchés.
260 ## - PUBLICACIÓN, DISTRIBUCIÓN, ETC.
Lugar de publicación, distribución, etc. Paris :
Nombre del editor, distribuidor, etc. [s.n.],
Fecha de publicación, distribución, etc. [1928?] (
Fabricante Union Typographique)
300 ## - DESCRIPCIÓN FÍSICA
Extensión VIII, 293 p. ;
Dimensiones 20 cm.
852 ## - LOCALIZACIÓN
Ubicación ES-MaACL
Número de control de estantería F-15058
Sublocalización o colección R.18823
Holdings
Estatus retirado Estado de pérdida Estado de daño No para préstamo Biblioteca de origen Biblioteca actual Ubicación en estantería Fecha de adquisición Fuente de adquisición Total de préstamos Signatura topográfica completa Código de barras Visto por última vez Precio de reemplazo Tipo de ítem Koha
        Biblioteca del Ateneo de Madrid Biblioteca del Ateneo de Madrid Sala Pecera Planta 2 17/01/2008     F-15058 1141280 23/02/2023 23/02/2023 Libro impreso